| 000 | 00930cam a22002294a 4500 | ||
|---|---|---|---|
| 005 | 20250605163938.0 | ||
| 008 | 250528s ||||||||||||||||||||||||d | ||
| 035 | _a14919 | ||
| 020 | _a876090676 | ||
| 040 |
_aGR-AtMCL _bgre _dGR-AtMCL _eAACR2 |
||
| 245 | 1 | _aRight V. Might / International Law and the Use of Force | |
| 260 |
_bCouncil On Foreign Relations Press, _c1989 |
||
| 300 | _a124 | ||
| 520 | _aForeword, Introduction: The Great Debate of the 1980s, The Reagan Doctrine and Human Rights and International Law, The Use of Force: Law and U.S. Policy, Ethics and Rules of the Game Between the Superpowers, The Principles of Force and the Force of Principles, Appendix, Suggested Reading, Index, About the Authors. | ||
| 700 | 1 |
_aHenkin Louis _9720 |
|
| 700 | 1 |
_aHoffmann Stanley _9721 |
|
| 700 | 1 |
_aKirkpatrick J. Jeane _9722 |
|
| 700 | 1 |
_aRogers B. William _9723 |
|
| 942 | _cBK | ||
| 999 |
_c529 _d529 |
||